<?xml version="1.0" encoding="UTF-8"?>
<record
    xmlns:xsi="http://www.w3.org/2001/XMLSchema-instance"
    xsi:schemaLocation="http://www.loc.gov/MARC21/slim http://www.loc.gov/standards/marcxml/schema/MARC21slim.xsd"
    xmlns="http://www.loc.gov/MARC21/slim">

  <leader>00911nam a22002417a 4500</leader>
  <controlfield tag="001">6094</controlfield>
  <controlfield tag="003">FISKH</controlfield>
  <controlfield tag="005">20250311142025.0</controlfield>
  <controlfield tag="008">250311b        cb ||||| |||| 00| 0 eng d</controlfield>
  <datafield tag="040" ind1=" " ind2=" ">
    <subfield code="a">FISKH</subfield>
    <subfield code="b">Khmer</subfield>
    <subfield code="c">FISKH</subfield>
    <subfield code="d">FISKH</subfield>
  </datafield>
  <datafield tag="050" ind1=" " ind2=" ">
    <subfield code="a">PZ7</subfield>
  </datafield>
  <datafield tag="082" ind1=" " ind2=" ">
    <subfield code="a">400</subfield>
  </datafield>
  <datafield tag="100" ind1=" " ind2=" ">
    <subfield code="a">Thaily , Ly</subfield>
  </datafield>
  <datafield tag="245" ind1=" " ind2=" ">
    <subfield code="a">&#x179C;&#x1785;&#x1793;&#x17B6;&#x1793;&#x17BB;&#x1780;&#x17D2;&#x179A;&#x1798; &#x179F;&#x17BB;&#x1797;&#x17B6;&#x179F;&#x17B7;&#x178F;&#x1781;&#x17D2;&#x1798;&#x17C2;&#x179A;&#x17A2;&#x1792;&#x17B7;&#x1794;&#x17D2;&#x1794;&#x17B6;&#x1799; : </subfield>
    <subfield code="b">&#x1797;&#x17B6;&#x1782; &#x17E2;&#x17D6; &#x1796;&#x17B8; "&#x1793;" &#x178A;&#x179B;&#x17CB; "&#x17A2;" /</subfield>
    <subfield code="c">&#x178A;&#x17C4;&#x1799; &#x179B;&#x17B8; &#x1790;&#x17C3;&#x179B;&#x17B8;</subfield>
  </datafield>
  <datafield tag="250" ind1=" " ind2=" ">
    <subfield code="a">First published in 2011. </subfield>
  </datafield>
  <datafield tag="260" ind1=" " ind2=" ">
    <subfield code="a">Sihanouk Ville :</subfield>
    <subfield code="c">2011 .</subfield>
    <subfield code="b">MP Publishing House ;</subfield>
  </datafield>
  <datafield tag="300" ind1=" " ind2=" ">
    <subfield code="a">630 pages : </subfield>
    <subfield code="b">color illustrations ;</subfield>
    <subfield code="c">20 cm .</subfield>
  </datafield>
  <datafield tag="520" ind1=" " ind2=" ">
    <subfield code="a">N/A</subfield>
  </datafield>
  <datafield tag="650" ind1=" " ind2=" ">
    <subfield code="a">&#x179C;&#x1785;&#x1793;&#x17B6;&#x1793;&#x17BB;&#x1780;&#x17D2;&#x179A;&#x1798;&#x200B; &#x179F;&#x17BB;&#x1797;&#x17B6;&#x179F;&#x17B7;&#x178F;&#x1781;&#x17D2;&#x1798;&#x17C2;&#x179A; &#x17A2;&#x1792;&#x17B7;&#x1794;&#x17D2;&#x1794;&#x17B6;&#x1799;</subfield>
    <subfield code="v"> &#x179F;&#x17BB;&#x1797;&#x17B6;&#x179F;&#x17B7;&#x178F;</subfield>
  </datafield>
  <datafield tag="650" ind1=" " ind2=" ">
    <subfield code="a">Khmer proverb dictionary with commentary</subfield>
    <subfield code="v">Proverb</subfield>
  </datafield>
  <datafield tag="942" ind1=" " ind2=" ">
    <subfield code="2">ddc</subfield>
    <subfield code="c">BK</subfield>
    <subfield code="n">0</subfield>
  </datafield>
  <datafield tag="999" ind1=" " ind2=" ">
    <subfield code="c">6094</subfield>
    <subfield code="d">6094</subfield>
  </datafield>
  <datafield tag="952" ind1=" " ind2=" ">
    <subfield code="0">0</subfield>
    <subfield code="1">0</subfield>
    <subfield code="2">ddc</subfield>
    <subfield code="4">0</subfield>
    <subfield code="7">0</subfield>
    <subfield code="8">KH</subfield>
    <subfield code="a">002</subfield>
    <subfield code="b">002</subfield>
    <subfield code="c">SKB</subfield>
    <subfield code="d">2025-03-11</subfield>
    <subfield code="l">0</subfield>
    <subfield code="o">THA PZ7 400</subfield>
    <subfield code="p">FISSE02247</subfield>
    <subfield code="r">2025-03-11 14:18:34</subfield>
    <subfield code="t">1</subfield>
    <subfield code="w">2025-03-11</subfield>
    <subfield code="y">BK</subfield>
  </datafield>
  <datafield tag="952" ind1=" " ind2=" ">
    <subfield code="0">0</subfield>
    <subfield code="1">0</subfield>
    <subfield code="2">ddc</subfield>
    <subfield code="4">0</subfield>
    <subfield code="7">0</subfield>
    <subfield code="8">KH</subfield>
    <subfield code="a">002</subfield>
    <subfield code="b">002</subfield>
    <subfield code="c">SKB</subfield>
    <subfield code="d">2025-03-11</subfield>
    <subfield code="l">0</subfield>
    <subfield code="o">THA PZ7 400</subfield>
    <subfield code="p">FISSE02130</subfield>
    <subfield code="r">2025-03-11 14:21:34</subfield>
    <subfield code="t">2</subfield>
    <subfield code="w">2025-03-11</subfield>
    <subfield code="y">BK</subfield>
  </datafield>
</record>
